Arcipreste de Talavera o Corbacho /

Alfonso Martínez de Toledo (Toledo, hacia 1398-hacia 1466), escritor español. Conocido como el Arcipreste de Talavera, tuvo asignado un beneficio eclesiástico como racionero en la Catedral de Toledo y fungió como capellán de Juan II, rey de Castilla y de León. Martínez de Toledo, quien admiraba al A...

Ausführliche Beschreibung

Gespeichert in:
Bibliographische Detailangaben
1. Verfasser: Martínez de Toledo, Alfonso (autor)
Weitere Verfasser: Souto Alabarce, Arturo (introducción) (introducción), Steiger, Arnald (autor) (autor)
Format: Buch
Sprache:Spanisch
Veröffentlicht: México : Porrúa, 1978, c1978
Schriftenreihe:(Sepan Cuántos ; 338)
Schlagworte:
Tags: Tag hinzufügen
Keine Tags, Fügen Sie das erste Tag hinzu!

MARC

LEADER 00000nam^a2200000^a^4500
001 000023412
005 20250521000000.0
009 20260310084532.8
020 |a 968-432-139-2 
037 |a Acervo ITESO - Biblioteca 
041 |a ESP 
082 |a 082.  |b POR V. 338 
100 |a Martínez de Toledo, Alfonso  |e (autor) 
240 1 1 |a [Corbacho o reprobación del amor mundano] 
245 1 0 |a Arcipreste de Talavera o Corbacho /  |c A. Martínez de Toledo ; introd. de A. Souto Alabarce. 
264 4 |a México :  |b Porrúa,  |c 1978, c1978 
300 |a XXXI, 267 p. 
336 |a texto  |b txt  |2 rdacontenido 
337 |a sin mediación  |b n  |2 rdamedio 
338 |a volumen  |b nc  |2 rdasoporte 
440 1 |a (Sepan Cuántos ;  |v 338) 
520 |a Alfonso Martínez de Toledo (Toledo, hacia 1398-hacia 1466), escritor español. Conocido como el Arcipreste de Talavera, tuvo asignado un beneficio eclesiástico como racionero en la Catedral de Toledo y fungió como capellán de Juan II, rey de Castilla y de León. Martínez de Toledo, quien admiraba al Arcipreste de Hita y su Libro de buen amor, escribió las biografías Vida de San Isidro y Vida de San Ildefonso, pero es unánime considerar como su obra mayor a Corbacho o reprobación del amor mundano: en este ataque de carácter moral contra la lujuria y el amor terrenal ha sido vista la influencia de Bocaccio y de las literaturas catalana y francesa, pero también ha sido identificado y reconocido el origen de expresiones narrativas posteriores de la literatura de lengua española. La presente edición del Corbacho es completada con un estudio lingüístico sobre la obra, escrito por Arnald Steiger. 
649 |a XX 
650 |a Ensayos Españoles 
650 |a Literatura Didáctica -  |z España 
650 |a Literatura Medieval -  |z España 
650 |a Literatura Española -  |y Siglo XV 
650 |a Literatura Española -  |x Historia y Crítica 
650 |a Lingüística 
740 0 |a Estudio del vocabulario del Corbacho y colección de refranes y alocuciones contenidos en el mismo /  |c A. Steiger. 
700 |a Souto Alabarce, Arturo  |e (introducción) 
700 |a Steiger, Arnald  |e (autor) 
910 |a Fondo General 
920 |a Impresos - Libros 
930 |a Colección General 
940 |a Literatura 
905 |a 101 
901 |a 0234120100  |b IT1  |c LIT  |i 023412  |u 20250521 
902 |a https://opac.biblio.iteso.mx/vufind/Record/000023412